All Charli XCX Songs (November 2025) - Statistics

General Stats
  • This quiz has been taken 29 times
    17 since last reset
  • The average score is 48 of 171
Answer Stats
Hint Answer % Correct
2025 House (feat. John Cale)
82%
2024 360
73%
360 (feat. Robyn & Yung Lean)
73%
365
73%
365 (feat. Shygirl)
73%
Apple (feat. The Japanese House)
73%
party 4 u
73%
2023 Speed Drive
73%
Von dutch
73%
Von dutch (feat. Addison Rae) [A. G. Cook remix]
73%
Apple
64%
B2b
64%
B2b (feat. Tinashe)
64%
Boom Clap
64%
2026 Chains of Love
64%
2022 Crash
64%
2016 Vroom Vroom
64%
2015 Break the Rules
55%
claws
55%
Fancy (with Iggy Azalea)
55%
Girl, so confusing
55%
Girl, so confusing (feat. Lorde)
55%
Girls (with Rita Ora, Bebe Rexha & Cardi B)
55%
Guess
55%
Guess (feat. Billie Eilish)
55%
So I
55%
So I (feat. A. G. Cook)
55%
Sympathy is a knife
55%
Sympathy is a knife (feat. Ariana Grande)
55%
Track 10
55%
Unlock It (Lock It) (feat. Kim Petras & Jay Park)
55%
2018 1999 (feat. Troye Sivan)
45%
2099 (feat. Troye Sivan)
45%
anthems
45%
Blame It on Your Love (feat. Lizzo)
45%
Boys
45%
Club classics
45%
Club classics (feat. Bb Trickz)
45%
enemy
45%
Everything is romantic
45%
Everything is romantic (feat. Caroline Polachek)
45%
Femmebot (feat. Dorian Electra & Mykki Blanco)
45%
I Love It (with Icona Pop)
45%
Lipgloss (feat. CupcakKe)
45%
2019 Next Level Charli
45%
Porsche (feat. MØ)
45%
Spring breakers
45%
Spring breakers (feat. Kesha)
45%
2014 Sucker
45%
Talk Talk
45%
Talk talk (feat. Troye Sivan)
45%
Tears (feat. Caroline Polachek)
45%
Used to Know Me
45%
Backseat (feat. Carly Rae Jepsen)
36%
Beg for You (feat. Rina Sawayama)
36%
c2.0
36%
detonate
36%
Grins
36%
Hot In It (with Tiësto)
36%
I Got It (feat. Brooke Candy, CupckakKe & Pabllo Vittar)
36%
I might say something stupid
36%
I might say something stupid (feat. The 1975 & Jon Hopkins)
36%
I think about it all the time
36%
I think about it all the time (feat. Bon Iver)
36%
Mean girls
36%
Mean girls (feat. Julian Casablancas)
36%
2013 Nuclear Seasons
36%
2020 pink diamond
36%
Rewind
36%
Rewind (feat. Bladee)
36%
Shake It (feat. Big Freedia, CupcakKe, Brooke Candy & Pabllo Vittar)
36%
Trophy
36%
You (Ha Ha Ha)
36%
Yuck
36%
7 years (feat. BJ Burton)
27%
Click (feat. Kim Petras & Tommy Cash)
27%
Delicious (feat. Tommy Cash)
27%
Good Ones
27%
Hello goodbye
27%
How Can I
27%
How Can I Not Know What I Need Right Now
27%
i finally understand
27%
In The City (feat. Sam Smith)
27%
Lightning
27%
Lucky
27%
2021 New Shapes (feat. Christine and the Queens & Caroline Polachek)
27%
Official
27%
Out of My Head (feat. Tove Lo & ALMA)
27%
Red Balloon
27%
Secret (Shh)
27%
Twice
27%
visions
27%
White Mercedes
27%
After the Afterparty (feat. Lil Yachty)
18%
Baby
18%
Cross You Out (feat. Sky Ferreira)
18%
Dirty Sexy Money (with David Guetta, AFROJACK & French Montana)
18%
Doing It (feat. Rita Ora)
18%
February 2017 (feat. Clairo & Yaeji)
18%
Gold Coins
18%
Gone (feat. Christine and the Queens)
18%
ILY2
18%
No Angel
18%
Paradise (feat. Hannah Diamond)
18%
Roll with Me
18%
Silver Cross
18%
2012 So Far Away
18%
Thoughts
18%
Warm (feat. HAIM)
18%
What You Think About Me
18%
100 Bad - Remix (with Tommy Genesis)
9%
3AM (Pull Up) (feat. MØ)
9%
Babygirl (feat. Uffie)
9%
Blame It on U
9%
Cloud Aura (feat. Brooke Candy)
9%
Constant Repeat
9%
2017 Dreamer (feat. Starrah & RAYE)
9%
Dream Glow (BTS World Original Soundtrack) - Pt. 1 (with BTS)
9%
Drop That Kitty (with Ty Dolla $ign & Tinashe)
9%
Drugs (feat. ABRA)
9%
Emotional
9%
Every Rule
9%
Focus
9%
forever
9%
Hot Girl (Bodies Bodies Bodies)
9%
I Don't Wanna Know
9%
Lock You Up
9%
London Queen
9%
Move Me
9%
Need Ur Luv
9%
OUT OUT (with Joel Corry, Jax Jones & Saweetie)
9%
ringtone - Remix (with 100 gecs, Rico Nasty & Kero Kero Bonito)
9%
Selfish Girl
9%
So over You
9%
Sorry If I Hurt You
9%
Spinning (with No Rome & The 1975)
9%
2011 Stay Away
9%
SuperLove
9%
White Roses
9%
1 Night (with Mura Masa)
0%
2 die 4 (with Addison Rae)
0%
5 in the Morning
0%
bitches (with Tove Lo, Icona Pop, Elliphant & ALMA)
0%
Black Roses
0%
Body of My Own
0%
Breaking Up
0%
Bricks (with Tommy Genesis)
0%
Caught in the Middle
0%
CHARGER (with ELIO)
0%
Crazy Crazy (with Yasutaka Nakata & Kyary Pamyu Pamyu)
0%
Die Tonight
0%
Drama (with Bladee & Mechatok)
0%
2011 End Of The World (with Alex Metric)
0%
Famous
0%
Flash Pose (with Pabllo Vittar)
0%
Girls Night Out
0%
Hand In The Fire (with Mr. Oizo)
0%
Hanging Around
0%
Illusions Of (with J£ZUS MILLION)
0%
Kingdom (feat. Simon Le Bon)
0%
Lost in Space (with Starkey)
0%
love gang (with Whethan)
0%
Playboy Style (with Clean Bandit & Bhad Bhabie)
0%
Set Me Free (Feel My Pain)
0%
Spicy (with Herve Pagez & Diplo)
0%
Take My Hand
0%
Welcome To My Island - Remix (with Caroline Polachek & George Daniel)
0%
What I Like
0%
Xcxoplex (with A. G. Cook)
0%
XXXTC (with Brooke Candy & Maliibu Miitch)
0%
You're the One
0%
No matching quizzes found
Score Distribution
Percent of People with Each Score
Percentile by Number Answered
Your Score History
You have not taken this quiz since the last reset